Statistics for Every Xbox Ever Quiz

Click here to take the quiz!

General Stats

  • This quiz has been taken 13 times
  • The average score is 6 of 12

Answer Stats

HintAnswer% Correct
2013Xbox One
100%
2001Xbox Original
75%
2016Xbox One S
67%
2017Xbox One X
67%
2020Xbox Series X
67%
2020Xbox Series S
58%
2013Xbox 360 E
33%
2005Xbox 360 Elite
33%
2010Xbox 360 Slim
33%
2019Xbox One S All Digital
33%
2005Xbox 360 Home
25%
2005Xbox 360 Pro
25%

Score Distribution

Percentile by Number Answered

Percent of People with Each Score

Your Score History

You have not taken this quiz